Urban Agglomeration - Letter S - Statistics

General Stats
  • This quiz has been taken 29 times
  • The average score is 5 of 8
Answer Stats
Second Letter Answer % Correct
A São Paulo | Santiago | San Francisco | Saint Petersburg | Santo Domingo
91%
E Seoul | Seattle | Semarang | Sendai | Seville
86%
T St. Louis | Stockholm | Stuttgart | Stockton
82%
Y Sydney
59%
U Surabaya | Surakarta
55%
H Shiraz | Sheffield | Shymkent | Shizuoka
50%
I Singapore | Siālkot
45%
O Sofia | Sousse | Southampton | Sokoto
36%
No matching quizzes found
Score Distribution
Percent of People with Each Score
Percentile by Number Answered
Your Score History
You have not taken this quiz